All Colors Used in National Flags - Statistics

General Stats
  • This quiz has been taken 34 times
  • The average score is 9 of 9
Answer Stats
Answer % Correct
Blue
100%
Orange
100%
Red
100%
White
100%
Yellow
100%
Green
97%
Purple
97%
Black
90%
Brown
79%
No matching quizzes found
Score Distribution
Percent of People with Each Score
Percentile by Number Answered
Your Score History
You have not taken this quiz